APEC Schools

The 5 love laguages of children / (Record no. 8779)

000 -LEADER
fixed length control field nam a22 7a 4500
005 - DATE AND TIME OF LATEST TRANSACTION
control field 20200221051710.0
008 - FIXED-LENGTH DATA ELEMENTS--GENERAL INFORMATION
fixed length control field 200221b xxu||||| |||| 00| 0 eng d
020 ## - IDENTIFIER FOR THE MANIFESTATION
Binding paperback
040 ## - CATALOGING SOURCE
Language of Cataloging eng
Transcribing Agency APEC Schools Library
Description Conventions rda
082 ## - DEWEY DECIMAL CLASSIFICATION NUMBER
Classification number C 649.1
Author's Number C466f 1997
100 ## - CREATOR
Preferred Name of the Person Chapman, Gary
245 ## - TITLE AND STATEMENT OF RESPONSIBILITY
Preferred Title Proper The 5 love laguages of children /
Statement of Responsibility/Parallel Statement of Responsibility Gary Chapman
264 ## - PUBLICATION STATEMENT
Place of publication, distribution, etc Makati City :
Publisher's Name/Parallel Publisher's Name Church Strengthening Ministy,
Copyright ©1997.
300 ## - PHYSICAL DESCRIPTION
Extent 221 pages :
Illustrative Content illustrations ;
336 ## - RDA CONTENT
Source rdacontent
Content Type text
337 ## - RDA MEDIA
Source rdamedia
Media Type unmediated
338 ## - RDA CARRIER
Source rdacarrier
Carrier Type volume
650 ## - ADDED SUBJECT ACCESS POINT - TOPICAL TERM
Topical Term Parent and child.
650 ## - ADDED SUBJECT ACCESS POINT - TOPICAL TERM
Topical Term Interpersonal communication in children.
650 ## - ADDED SUBJECT ACCESS POINT - TOPICAL TERM
Topical Term Child psychology.
942 ## - ADDED ENTRY ELEMENTS (KOHA)
Source of Classification
Koha Item Type Non Fiction
Holdings
Library Site Location Shelving Location Source of Acquisition Full Classification Number Accession Number Koha Item Type
APEC C. Raymundo Library APEC C. Raymundo Library Circulation Donation C 649.1 C466f 1997 A07-0000031D Non Fiction

Powered by Koha